Herramientas y mecanismos de prevención de disputas societarias en las empresas de familia. Protocolos, estatutos, reglamentos (Registro nro. 30759)

Detalles MARC
000 -LEADER
fixed length control field 00417 a2200109 4500
001 - CONTROL NUMBER
control field ART_50818
005 - DATE AND TIME OF LATEST TRANSACTION
control field 20260410161955.0
008 - FIXED-LENGTH DATA ELEMENTS--GENERAL INFORMATION
fixed length control field 260409a
100 1# - MAIN ENTRY--PERSONAL NAME
Personal name Dasso, Ariel G.
245 10 - TITLE STATEMENT
Title Herramientas y mecanismos de prevención de disputas societarias en las empresas de familia. Protocolos, estatutos, reglamentos
773 0# - HOST ITEM ENTRY
Title Temas de derecho comercial
Related parts - Año 6, N° 5 (mayo 2020)
Record control number REV28151

No hay ítems disponibles.